000 00232nam a22000977a 4500
082 _a358.3 ELE'C
245 _aTHE ELECTRONIC WARFARE MARKET IN THE US
260 _aNEWYORK
_bFROST & SULLIVAN
_c1980
300 _aVOL-1&2
942 _cBK
999 _c580721
_d580721